Sports Quiz

Random Sports or World Cup Quiz
Score 0/10 Timer 02:00
0 Plays Today
UCL Goals Player % Correct
4Christian Pulisic
97.5%
1Sergiño Dest
81.9%
1Tyler Adams
74.5%
2Weston McKennie
67.1%
4DaMarcus Beasley
44%
2Fabian Johnson
39.3%
2Jermaine Jones
32.9%
1Maurice Edu
20.2%
1Sacha Kljestan
12.3%
1Jovan Kirovski
7.8%
Remove Ads.
Support Sporcle.
Get the best of Sporcle when you Go Orange. This ad-free experience offers more features, more stats, and more fun while also helping to support Sporcle. Thank you for becoming a member.

You're not logged in!

Compare scores with friends on all Sporcle quizzes.
OR
Log In

Show Comments

Extras

Top Quizzes Today


Score Distribution

Your Account Isn't Verified!

In order to create a playlist on Sporcle, you need to verify the email address you used during registration. Go to your Sporcle Settings to finish the process.

Report this User

Report this user for behavior that violates our Community Guidelines.

Details: